[Event "Windsor NAYCC U14"]
[Site "Windsor"]
[Date "2016.08.11"]
[Round "8.76"]
[White "Wilson, Kameron Tyler"]
[Black "Li, Eric M"]
[Result "1-0"]
[WhiteElo "1439"]
[BlackElo "1658"]
[PlyCount "95"]
[EventDate "2016.08.07"]
[EventType "swiss"]
[EventRounds "9"]
[EventCountry "CAN"]
[SourceTitle "EXT 2022"]
[Source "ChessBase"]
[SourceDate "2021.10.06"]
[SourceVersion "1"]
[SourceVersionDate "2021.10.06"]
[SourceQuality "1"]

1. c4 e5 2. g3 f5 3. Bg2 Nf6 4. Nc3 Nc6 5. e3 g6 6. Nge2 Bg7 7. 0-0 0-0 8. d4 e4 9. d5 Ne5 10. b3 d6 11. Ba3 Qe8 12. Nb5 Qf7 13. Nbd4 Nd3 14. Rb1 g5 15. f3 Qg6 16. Nc3 exf3 17. Nxf3 Nc5 18. Bxc5 dxc5 19. Nb5 Ne8 20. Qd2 a6 21. Nc3 h6 22. Ne1 Nd6 23. Nd3 b6 24. Rbe1 Re8 25. Kh1 Bd7 26. Re2 Re7 27. Nd1 Rae8 28. N1f2 Nf7 29. Rfe1 Ne5 30. Nxe5 Rxe5 31. e4 fxe4 32. Rxe4 Bf5 33. Rxe5 Rxe5 34. Rxe5 Bxe5 35. Qe2 Bd4 36. Ne4 Kg7 37. g4 Bxe4 38. Qxe4 Qxe4 39. Bxe4 Kf6 40. Kg2 Ke5 41. Kf3 Bg1 42. h3 Kd4 43. Bc2 Be3 44. a4 Bf4 45. Ke2 b5 46. cxb5 axb5 47. a5 Kxd5 48. Be4+ 1-0

[Event "Windsor NAYCC U14"]
[Site "Windsor"]
[Date "2016.08.09"]
[Round "4.80"]
[White "Eirew, Milo"]
[Black "Li, Eric M"]
[Result "1/2-1/2"]
[WhiteElo "819"]
[BlackElo "1658"]
[PlyCount "113"]
[EventDate "2016.08.07"]
[EventType "swiss"]
[EventRounds "9"]
[EventCountry "CAN"]
[SourceTitle "EXT 2022"]
[Source "ChessBase"]
[SourceDate "2021.10.06"]
[SourceVersion "1"]
[SourceVersionDate "2021.10.06"]
[SourceQuality "1"]

1. e4 c5 2. d4 cxd4 3. Qxd4 Nc6 4. Qd1 e6 5. Nc3 Nf6 6. Nf3 Bb4 7. Bd3 0-0 8. Bd2 d5 9. e5 Nd7 10. Qe2 Be7 11. 0-0-0 Qc7 12. Rde1 Nc5 13. Ng5 Nxd3+ 14. Qxd3 Bxg5 15. Bxg5 Nxe5 16. Qg3 f6 17. Bf4 a6 18. Rhf1 b5 19. Bxe5 fxe5 20. Qxe5 Qc5 21. Rd1 Bd7 22. Ne2 Rac8 23. Nd4 Rf5 24. Qe2 Rf7 25. Rd2 Re7 26. Re1 Rce8 27. Qd3 a5 28. Nf3 Qc4 29. Rde2 Qxd3 30. cxd3 Rc8+ 31. Kd2 Rce8 32. Ne5 Bc8 33. Nc6 Rc7 34. Nxa5 Ra7 35. b4 Ra6 36. f4 g6 37. Ke3 Kf7 38. Kd4 Kf6 39. g4 h5 40. h3 hxg4 41. hxg4 Rh8 42. Kc5 Bd7 43. Nb7 Rc6+ 44. Kd4 Rh4 45. Rg2 g5 46. Rf1 Bc8 47. Nc5 gxf4 48. Rxf4+ Kg5 49. Ke5 Rh1 50. Rf8 Re1+ 51. Kd4 Rb1 52. Ke5 Rxb4 53. Rg8+ Kh4 54. Rh8+ Kg5 55. Rg8+ Kh4 56. Rh8+ Kg5 57. Rg8+ 1/2-1/2

[Event "Windsor NAYCC U14"]
[Site "Windsor"]
[Date "2016.08.08"]
[Round "2.70"]
[White "Harichandrabose, Vicknan"]
[Black "Li, Eric M"]
[Result "1/2-1/2"]
[WhiteElo "1210"]
[BlackElo "1658"]
[PlyCount "124"]
[EventDate "2016.08.07"]
[EventType "swiss"]
[EventRounds "9"]
[EventCountry "CAN"]
[SourceTitle "EXT 2022"]
[Source "ChessBase"]
[SourceDate "2021.10.06"]
[SourceVersion "1"]
[SourceVersionDate "2021.10.06"]
[SourceQuality "1"]

1. e4 c5 2. c3 d5 3. exd5 Qxd5 4. d4 Nc6 5. Nf3 e5 6. dxe5 Qxd1+ 7. Kxd1 Bg4 8. Nbd2 Nxe5 9. Bb5+ Nc6 10. Re1+ Nge7 11. Re2 0-0-0 12. Ke1 a6 13. Bc4 f6 14. h3 Bh5 15. Re3 Nd5 16. Rd3 Re8+ 17. Kf1 Nb6 18. Bb3 Bg6 19. Re3 Rxe3 20. fxe3 Bd6 21. Nc4 Bc7 22. Nxb6+ Bxb6 23. Be6+ Kb8 24. c4 Re8 25. Bd7 Re7 26. Bxc6 bxc6 27. Bd2 Bd3+ 28. Kf2 Bxc4 29. a3 Bd5 30. b4 Kc7 31. Rb1 Bxf3 32. gxf3 cxb4 33. Rxb4 Ba5 34. Re4 Rxe4 35. Bxa5+ Kd6 36. fxe4 Kc5 37. Bb4+ Kc4 38. Bf8 g6 39. Bg7 f5 40. exf5 gxf5 41. Kf3 c5 42. Bf8 Kd5 43. Bxc5 Kxc5 44. Kf4 a5 45. Kxf5 Kb5 46. e4 Ka4 47. e5 Kxa3 48. e6 a4 49. e7 Kb2 50. e8Q a3 51. Qb5+ Kc2 52. Qa4+ Kb2 53. Qxa3+ Kxa3 54. Kf6 Kb4 55. h4 Kc5 56. h5 Kd6 57. h6 Kd7 58. Kg7 Ke7 59. Kxh7 Kf7 60. Kh8 Kf8 61. Kh7 Kf7 62. Kh8 Kf8 1/2-1/2

[Event "Canadian op U2000"]
[Site "Windsor"]
[Date "2016.07.16"]
[Round "8.33"]
[White "Deline, Ralph"]
[Black "Li, Eric M"]
[Result "0-1"]
[WhiteElo "1824"]
[BlackElo "1658"]
[PlyCount "98"]
[EventDate "2016.07.10"]
[EventType "swiss"]
[EventRounds "9"]
[EventCountry "CAN"]
[SourceTitle "EXT 2022"]
[Source "ChessBase"]
[SourceDate "2021.10.06"]
[SourceVersion "1"]
[SourceVersionDate "2021.10.06"]
[SourceQuality "1"]

1. e4 c5 2. Nc3 Nc6 3. f4 Nf6 4. Nf3 e6 5. Bb5 Qc7 6. 0-0 Be7 7. d3 a6 8. Bxc6 Qxc6 9. Qe1 0-0 10. Qg3 c4 11. Ne5 Qb6+ 12. Kh1 cxd3 13. cxd3 d5 14. Rb1 dxe4 15. dxe4 Qb4 16. Qf3 Bd7 17. f5 Qa5 18. Bf4 exf5 19. Nxd7 Nxd7 20. Nd5 Bf6 21. exf5 Qxa2 22. Bd6 Rfd8 23. Nxf6+ Nxf6 24. Be7 Rd7 25. Bxf6 gxf6 26. Qc3 Kg7 27. Rbe1 Qd5 28. Rf4 Qd6 29. Rg4+ Kh8 30. Qe3 Rg8 31. Re4 Qd2 32. g3 Qxe3 33. R4xe3 Rgd8 34. g4 Rd2 35. b3 Kg7 36. h4 h6 37. Rg1 R8d3 38. Rgg3 Rxe3 39. Rxe3 Kf8 40. Kg1 b5 41. Re4 a5 42. Re3 a4 43. bxa4 bxa4 44. g5 fxg5 45. hxg5 hxg5 46. f6 Kg8 47. Rg3 Kh7 48. Ra3 Rd4 49. Kf2 Kg6 0-1

[Event "Canadian op U2000"]
[Site "Windsor"]
[Date "2016.07.15"]
[Round "6.32"]
[White "Cashin, Ken"]
[Black "Li, Eric M"]
[Result "0-1"]
[WhiteElo "1837"]
[BlackElo "1637"]
[PlyCount "72"]
[EventDate "2016.07.10"]
[EventType "swiss"]
[EventRounds "9"]
[EventCountry "CAN"]
[SourceTitle "EXT 2022"]
[Source "ChessBase"]
[SourceDate "2021.10.06"]
[SourceVersion "1"]
[SourceVersionDate "2021.10.06"]
[SourceQuality "1"]

1. e4 c5 2. Nc3 Nc6 3. f4 d6 4. Nf3 g6 5. Bb5 Bd7 6. 0-0 Bg7 7. d3 a6 8. Bxc6 Bxc6 9. Qe1 Nf6 10. Qh4 b5 11. f5 Qd7 12. Bh6 Bxh6 13. Qxh6 gxf5 14. Rae1 0-0-0 15. Qf4 e5 16. Qxf5 Qxf5 17. exf5 Rhg8 18. Ne4 Nxe4 19. dxe4 f6 20. h3 d5 21. Nd2 dxe4 22. Rf2 Rd4 23. Re3 c4 24. Rfe2 Rgd8 25. Nxe4 Bxe4 26. Rxe4 Rxe4 27. Rxe4 Rd2 28. a4 Rxc2 29. axb5 axb5 30. g4 Kd7 31. g5 Ke7 32. g6 hxg6 33. fxg6 Rxb2 34. h4 c3 35. Re1 c2 36. Rc1 Rb1 0-1

[Event "Canadian op U2000"]
[Site "Windsor"]
[Date "2016.07.14"]
[Round "5.30"]
[White "Li, Eric M"]
[Black "Finlay, Ian"]
[Result "0-1"]
[WhiteElo "1637"]
[BlackElo "1872"]
[PlyCount "114"]
[EventDate "2016.07.10"]
[EventType "swiss"]
[EventRounds "9"]
[EventCountry "CAN"]
[SourceTitle "EXT 2022"]
[Source "ChessBase"]
[SourceDate "2021.10.06"]
[SourceVersion "1"]
[SourceVersionDate "2021.10.06"]
[SourceQuality "1"]

1. d4 f5 2. Bf4 Nf6 3. Nf3 d6 4. e3 g6 5. Nbd2 Bg7 6. Bc4 e6 7. c3 Qe7 8. Qe2 Nc6 9. h3 Na5 10. Bd3 Nc6 11. Bc4 Bd7 12. Bh2 d5 13. Bd3 Rc8 14. Ne5 Nxe5 15. Bxe5 0-0 16. g4 Ne4 17. Bxg7 Qxg7 18. gxf5 exf5 19. 0-0-0 c5 20. Nf3 cxd4 21. exd4 Qh6+ 22. Kc2 Ba4+ 23. Kb1 Bxd1 24. Rxd1 Qxh3 25. Ne5 Rc7 26. f3 Nf6 27. Bb5 a6 28. Ba4 b5 29. Bb3 Re8 30. Qd2 Kg7 31. Rg1 Qh6 32. Qc2 Qf4 33. Qg2 Rxe5 34. dxe5 Qxe5 35. Qf2 Re7 36. Bc2 Nh5 37. Qh4 Ng3 38. a3 f4 39. Rg2 Qf6 40. Qg4 a5 41. Qc8 Re1+ 42. Ka2 Qf7 43. Qc5 a4 44. Qxb5 d4+ 45. c4 Ne2 46. Qe5+ Kg8 47. Qb8+ Qf8 48. Qxf8+ Kxf8 49. b4 d3 50. Bxa4 Nc1+ 51. Kb1 Nb3+ 52. Kb2 Re2+ 53. Kxb3 Rxg2 54. Kc3 Ra2 55. Kb3 Rc2 56. Bd7 Ke7 57. Bh3 Rc1 0-1